000 00719nma a22002177a 4500
005 20210325202444.0
006 g q ||
008 s2006 eng d
041 _aeng
090 _aCD1344
245 1 0 _aWLIC 2006 Seoul 'Guiding our dreams' [CD-ROM]
260 3 _aSeoul :
_bInternational Federation of Library Associations and Institutions,
_c2006
300 _a1 disk ;
_b sd., col.
610 _aInternational Federation of Library Associations and Institutions
650 0 4 _aIFLA -- Official song -- 2006
650 0 4 _aKorean traditional music
850 _aNALT
942 _cCD
997 _c000000000055550
_kVC
998 _aนางสุกัญญา กัลยา
999 _c55550
_d55550